000 00638nam a2200241Ia 4500
003 OSt
005 20221007063014.0
006 a|||||r|||| 00| 0
007 ta
008 221006b |||||||| |||| 00| 0 eng d
024 _a8,559
037 _cTextual
040 _aFLL
_cFLL
_beng
041 _2eng
_aeng
082 _aZQ2:9, L0;3
100 _aDerrett J.D.M.
_973880
245 0 _aCritique of modern hindu law
250 _a1st
260 _aBombay
_bN.M. Tripathi Private Limited India
_c1970
300 _axlviii,460p
_ccm.
942 _hZQ2:9, L0;3
_cTEXL
_2CC
999 _c1130076
_d1130076